LEADER 01443nam0-2200313 --450 001 9910746777603321 005 20231027151118.0 100 $a20231027d kmuy0itay5050 ba 101 0 $aita 102 $aIT 105 $a 001yy 200 1 $aOnomasticon Arabicum, ossia Repertorio alfabetico dei nomi di persona e di luogo contenuti nelle principali opere storiche, biografiche e geografiche, stampate e manoscritte, relative all'Isl?m$fcompilato per cura di Leone Caetani e Giuseppe Gabrieli 210 $aRoma$cCasa editrice italiana 215 $av.$d34 cm. 517 1 $aRepertorio alfabetico dei nomi di persona e di luogo contenuti nelle principali opere storiche, biografiche e geografiche, stampate e manoscritte relative all'Islam 610 0 $aNomi propri di persona arabi$aRepertori 610 0 $aToponimi arabi$aRepertori 610 0 $aNomi propri$aPaesi islamici$aRepertori 676 $a929.4409174927$v19 700 1$aCaetani,$bLeone$0455815 701 1$aGabrieli,$bGiuseppe$0220920 801 0$aIT$bUNINA$gREICAT$2UNIMARC 901 $aBK 912 $a9910746777603321 952 $aDFT G45 CAEL 10 (1)$fFLFBC 952 $aDFT G45 CAEL 10 (2)$fFLFBC 959 $aFLFBC 996 $aOnomasticon Arabicum, ossia Repertorio alfabetico dei nomi di persona e di luogo contenuti nelle principali opere storiche, biografiche e geografiche, stampate e manoscritte, relative all'Islam$91406991 997 $aUNINA LEADER 01638oas 2200637 a 450 001 9910140406303321 005 20260218110614.0 035 $a(OCoLC)780065892 035 $a(CONSER) 2012247508 035 $a(CKB)2650000000000048 035 $a(DE-599)ZDB2606445-5 035 $a(DE-599)2606445-5 035 $a(EXLCZ)992650000000000048 100 $a20110209a20109999 uy 101 0 $aeng 135 $aur||||||||||| 181 $ctxt$2rdacontent 182 $cc$2rdamedia 183 $acr$2rdacarrier 200 00$aJournal of computational geometry 210 $a[Ottawa, Ontario, Canada] $c[Carleton University, Computational Geometry Lab] 215 $a1 online resource 311 08$a1920-180X 517 3 $aJoCG 606 $aGeometry$xData processing$vPeriodicals 606 $aComputational Mathematics$2ebps 606 $aGeometry$2ebps 606 $aGeometry$xData processing$2fast$3(OCoLC)fst00940870 608 $aPeriodicals.$2fast 615 0$aGeometry$xData processing 615 7$aComputational Mathematics. 615 7$aGeometry. 615 7$aGeometry$xData processing. 801 0$bAU@ 801 1$bAU@ 801 2$bCOD 801 2$bOCLCQ 801 2$bCUS 801 2$bOCLCF 801 2$bOCLCO 801 2$bCUS 801 2$bOCLCQ 801 2$bWT2 801 2$bOCLCQ 801 2$bAU@ 801 2$bVT2 801 2$bOCLCQ 801 2$bCNMTR 801 2$bOCLCQ 801 2$bSRU 801 2$bBWN 801 2$bOCLCQ 906 $aJOURNAL 912 $a9910140406303321 996 $aJournal of computational geometry$92166756 997 $aUNINA